000 00779cam a22002534a 4500
001 13539379
005 20180312080220.0
008 040326s2005 nyua b 001 0 eng
010 _a 2004007144
020 _a0815341016 (pbk.)
020 _a0443073104 (pbk.)
020 _a0443073090 (pbk.)
040 _aDLC
_cDLC
_dDLC
041 _aeng
042 _apcc
080 _a616.079 JAN
082 0 0 _a616.079 JAN
_222
100 _a11
101 _aBIO
245 0 0 _aImmunobiology :
_cCharles A. Janeway, Jr. .. [et al.].
906 _a7
_bcbc
_corignew
_d1
_eecip
_f20
_gy-gencatlg
942 _2ddc
_cBK
999 _c44727
_d44727